000 00642nam a2200229 a 4500
005 20260221063950.0
008 060503s2003 mx r 000 0 spa d
020 _a9706682340
020 _a970688940X
035 _aUPN01000144192
049 _aCG
050 4 _aLB14.7
_bZ4.6
100 1 _aZepeda, Monique
_932349
245 1 0 _aProfesión :
_bmaestro : las herramientas invisibles /
_cMonique Zepeda.
260 _aMéxico :
_bSM,
_cc2003.
300 _a132 p.
440 0 _aAula nueva ;
_v1
650 4 _aEducación
_xFilosofía
_94994
650 2 _aVocación
_915176
650 4 _aMaestros
_xÉtica profesional
_9760
905 _aLibro
999 _c116339
_d116339